LIBRARY & INFORMATION CENTRE, KCAET, TAVANUR

ONLINE PUBLIC ACCESS CATALOGUE (OPAC)

Textbook of drainage engineering / (Record no. 13630)

MARC details
000 -LEADER
fixed length control field 00446nam a22001697a 4500
003 - CONTROL NUMBER IDENTIFIER
control field OSt
008 - FIXED-LENGTH DATA ELEMENTS--GENERAL INFORMATION
fixed length control field 241108b |||||||| |||| 00| 0 eng d
020 ## - INTERNATIONAL STANDARD BOOK NUMBER
ISBN 8171640494
082 ## - DEWEY DECIMAL CLASSIFICATION NUMBER
Classification number 631.587
Item number RAN/TE
100 ## - MAIN ENTRY--AUTHOR NAME
Personal name Kumar, Ranvir
245 ## - TITLE STATEMENT
Title Textbook of drainage engineering /
250 ## - EDITION STATEMENT
Edition statement 1
260 ## - PUBLICATION, DISTRIBUTION, ETC. (IMPRINT)
Place of publication New Delhi :
Name of publisher Indian Council of Agricultural Research,
Year of publication 2005
300 ## - PHYSICAL DESCRIPTION
Number of Pages 344 p.
700 ## - ADDED ENTRY--PERSONAL NAME
Personal name Singh, Joginder
942 ## - ADDED ENTRY ELEMENTS (KOHA)
Koha item type Books
Holdings
Withdrawn status Lost status Damaged status Collection code Home library Current library Shelving location Date acquired Cost, normal purchase price Full call number Accession Number Koha item type Source of acquisition
      Non-fiction KAUAET KAUAET Shelf- 13A 31/03/2012 400.00 631.587 KUM/TE 23613 Books  
      Non-fiction KAUAET KAUAET Shelf- 13A 31/03/2012 400.00 631.587 KUM/TE 23614 Books  
      Non-fiction KAUAET KAUAET Shelf- 13A 31/03/2012 400.00 631.587 KUM/TE 23615 Books  
      Non-fiction KAUAET KAUAET Shelf- 13A 31/03/2012 400.00 631.587 KUM/TE 23616 Books  
      Non-fiction KAUAET KAUAET Shelf- 13A 31/03/2012 400.00 631.587 KUM/TE 23617 Books  
      Non-fiction KAUAET KAUAET Shelf- 13A 31/03/2012 400.00 631.587 KUM/TE 23105 Books International Books & Periodicals Supply Service, Delhi
free website counter